[Event "29.Festival - Magistrale"]
[Site "Robecchetto con Induno ITA"]
[Date "2017.12.27"]
[Round "3"]
[White "Massironi, Marco"]
[Black "Ventura, Salvatore"]
[Result "0-1"]
[WhiteElo "2202"]
[BlackElo "2195"]
[PlyCount "58"]
[EventDate "2017.12.26"]

1. e4 c5 2. b4 cxb4 3. a3 bxa3 4. d4 g6 5. Bc4 Bg7 6. Nf3 d6 7. O-O Nf6 8. Qe2
O-O 9. e5 dxe5 10. dxe5 Ng4 11. h3 Nxe5 12. Nxe5 Qd4 13. Nxf7 Qxa1 14. Bxa3 Nc6
15. Ng5+ Kh8 16. c3 Bf5 17. Ba2 Bd3 18. Qe6 Rf6 19. Nf7+ Rxf7 20. Qxf7 Bxf1 21.
Kxf1 Bxc3 22. Qb3 Bf6 23. g4 Rf8 24. Kg2 Qd4 25. Qxb7 Qe4+ 26. Kg1 Bd4 27. Nd2
Qe1+ 28. Nf1 Qxf2+ 29. Kh1 Qg1# 0-1

[Event "29.Festival - Magistrale"]
[Site "Robecchetto con Induno ITA"]
[Date "2017.12.27"]
[Round "3"]
[White "De Palma, Fabrizio"]
[Black "Jara, Erick"]
[Result "1/2-1/2"]
[WhiteElo "2051"]
[BlackElo "2188"]
[PlyCount "59"]
[EventDate "2017.12.26"]

1. d4 Nf6 2. Bg5 g6 3. Bxf6 exf6 4. e3 Bg7 5. g3 d5 6. Bg2 c6 7. Ne2 Qb6 8. b3
Nd7 9. O-O O-O 10. Nd2 f5 11. c4 Nf6 12. Nc3 Be6 13. Na4 Qc7 14. Rc1 dxc4 15.
bxc4 Rad8 16. Nc5 Bc8 17. Qa4 a6 18. Rfd1 Rfe8 19. Qb3 Bf8 20. Na4 Ne4 21. Nb6
Bh6 22. Nxe4 fxe4 23. Nxc8 Rxc8 24. c5 Kh8 25. Rc4 Re7 26. Rb4 Rd8 27. Rb1 Rdd7
28. Rb6 f5 29. Qc3 Qd8 30. Qc2 1/2-1/2

[Event "29.Festival - Magistrale"]
[Site "Robecchetto con Induno ITA"]
[Date "2017.12.27"]
[Round "3"]
[White "Ronce, Nathan"]
[Black "Guidi, Maurizio"]
[Result "1-0"]
[WhiteElo "2168"]
[BlackElo "2045"]
[PlyCount "101"]
[EventDate "2017.12.26"]

1. e4 c5 2. Nc3 Nc6 3. f4 g6 4. Nf3 Bg7 5. Bb5 Nd4 6. Bd3 d6 7. Nxd4 cxd4 8.
Ne2 Qb6 9. O-O Nf6 10. Kh1 O-O 11. Qe1 Nd7 12. Bc4 Nc5 13. d3 Be6 14. Bxe6 fxe6
15. Qh4 Rf7 16. Ng1 e5 17. f5 gxf5 18. Rxf5 Rxf5 19. exf5 Rf8 20. Qg4 Kh8 21.
Nf3 d5 22. Qh5 Qf6 23. g4 Ne6 24. Bg5 Nxg5 25. Nxg5 h6 26. Ne6 Rc8 27. Rg1 Kg8
28. h4 Qf7 29. Qxf7+ Kxf7 30. Rg2 e4 31. g5 hxg5 32. hxg5 Rh8+ 33. Rh2 Rxh2+
34. Kxh2 Be5+ 35. Kg2 b6 36. Kf2 Kg8 37. g6 Kh8 38. b3 Kg8 39. Ke2 Kh8 40. Nd8
Bf6 41. Ne6 Be5 42. dxe4 dxe4 43. Ng5 d3+ 44. cxd3 exd3+ 45. Kxd3 Kg7 46. Ke4
Bh2 47. Kd5 Bd6 48. Ke6 Ba3 49. Ne4 b5 50. Nc3 a6 51. Nd5 1-0

[Event "29.Festival - Magistrale"]
[Site "Robecchetto con Induno ITA"]
[Date "2017.12.27"]
[Round "3"]
[White "Tramalloni, Luca"]
[Black "Giretti Kanev, Jasen"]
[Result "0-1"]
[WhiteElo "2010"]
[BlackElo "2147"]
[PlyCount "120"]
[EventDate "2017.12.26"]

1. d4 Nf6 2. Bg5 Ne4 3. Bf4 d5 4. e3 c6 5. Nd2 Bf5 6. Bd3 e6 7. f3 Nxd2 8. Qxd2
Bxd3 9. Qxd3 Qb6 10. Qb3 Nd7 11. Ne2 Be7 12. O-O O-O 13. c3 Rfe8 14. Rae1 e5
15. Bg3 Bg5 16. f4 exf4 17. exf4 Qxb3 18. axb3 Be7 19. Nc1 Bd6 20. Nd3 Nf6 21.
Rxe8+ Rxe8 22. Re1 Rxe1+ 23. Bxe1 Ne4 24. g3 f6 25. Kg2 Kf7 26. Kf3 Ke6 27. Nf2
f5 28. Nd3 h6 29. Ke3 b6 30. Nf2 g5 31. Nd3 Nf6 32. h3 g4 33. h4 c5 34. Ke2 Ne4
35. Kd1 c4 36. Nc1 a5 37. Kc2 b5 38. Na2 Nf6 39. Nc1 Ne4 40. Na2 Kd7 41. Nc1
Kc6 42. Na2 b4 43. cxb4 axb4 44. Nc1 Kb5 45. Na2 Be7 46. Nc1 Bd8 47. Ne2 Bb6
48. bxc4+ dxc4 49. b3 Ba7 50. Kb2 Nf6 51. Kc2 Bb6 52. Kb2 Nd5 53. Bf2 Nc7 54.
Kc2 Ne8 55. Kb2 Nd6 56. Kc2 Ne4 57. Be1 Ba7 58. Kb2 c3+ 59. Kc2 Kc6 60. Kd3 Kd5
0-1

[Event "29.Festival - Magistrale"]
[Site "Robecchetto con Induno ITA"]
[Date "2017.12.27"]
[Round "3"]
[White "Colonetti, Fabio"]
[Black "Bonassi, Tommaso"]
[Result "1/2-1/2"]
[WhiteElo "1971"]
[BlackElo "2100"]
[PlyCount "43"]
[EventDate "2017.12.26"]

1. e4 e5 2. Nf3 Nc6 3. Bb5 a6 4. Ba4 Nf6 5. d3 b5 6. Bb3 Be7 7. O-O O-O 8. c3
d6 9. Re1 Na5 10. Bc2 c5 11. Nbd2 Nc6 12. Nf1 Re8 13. Ng3 Bf8 14. d4 cxd4 15.
cxd4 Bg4 16. dxe5 Nxe5 17. Bf4 Rc8 18. Bb3 Nc4 19. Bxc4 Rxc4 20. h3 Bc8 21. b3
Rc7 22. Qd4 1/2-1/2

[Event "29.Festival - Magistrale"]
[Site "Robecchetto con Induno ITA"]
[Date "2017.12.27"]
[Round "3"]
[White "Asperti, Giovanni"]
[Black "Brugo, Marco"]
[Result "1/2-1/2"]
[WhiteElo "1926"]
[BlackElo "2055"]
[PlyCount "30"]
[EventDate "2017.12.26"]

1. e4 e6 2. d4 d5 3. Nc3 Nf6 4. Bg5 Bb4 5. exd5 Qxd5 6. Bxf6 gxf6 7. Nge2 Nc6
8. Qd2 Bxc3 9. Nxc3 Qxd4 10. Qxd4 Nxd4 11. O-O-O Nc6 12. Nb5 Ke7 13. Nxc7 Rb8
14. Nb5 a6 15. Nd6 Rd8 1/2-1/2

[Event "29.Festival - Magistrale"]
[Site "Robecchetto con Induno ITA"]
[Date "2017.12.27"]
[Round "3"]
[White "Marinone, Lucio"]
[Black "Valtemara, Mattia Angelo"]
[Result "1/2-1/2"]
[WhiteElo "1971"]
[BlackElo "1905"]
[PlyCount "46"]
[EventDate "2017.12.26"]

1. d4 d5 2. Nf3 Nf6 3. c4 c6 4. Nc3 dxc4 5. a4 Bf5 6. e3 e6 7. Bxc4 Bb4 8. O-O
O-O 9. Nh4 Bg4 10. f3 Bh5 11. g4 Bg6 12. Nxg6 hxg6 13. Qc2 Nbd7 14. Na2 Bd6 15.
b4 Kh8 16. Rf2 e5 17. dxe5 Nxe5 18. Bb2 Qe7 19. Bf1 Rac8 20. Rd1 Rfd8 21. Qb3
b6 22. Ba6 Rc7 23. Be2 c5 1/2-1/2

[Event "29.Festival - Magistrale"]
[Site "Robecchetto con Induno ITA"]
[Date "2017.12.27"]
[Round "3"]
[White "Barlocco, Carlo"]
[Black "Di Chiara, Mauro"]
[Result "1-0"]
[WhiteElo "2090"]
[BlackElo "1898"]
[PlyCount "53"]
[EventDate "2017.12.26"]

1. Nf3 Nf6 2. e3 g6 3. Be2 Bg7 4. O-O O-O 5. d4 d5 6. c4 c5 7. Nc3 cxd4 8. exd4
Nc6 9. Bf4 dxc4 10. d5 Nb4 11. Bxc4 Nh5 12. Be3 Bf5 13. Rc1 Rc8 14. Qb3 Bd3 15.
Bxd3 Nxd3 16. Rc2 b6 17. Rd2 Nc5 18. Qa3 Qd7 19. Rfd1 Bxc3 20. bxc3 Ne4 21. Rd3
Nd6 22. Ne5 Qc7 23. Nc6 Nf6 24. Bf4 Nfe4 25. Re3 Nc4 26. Bxc7 Nxa3 27. Nxe7+
1-0

[Event "29.Festival - Magistrale"]
[Site "Robecchetto con Induno ITA"]
[Date "2017.12.27"]
[Round "3"]
[White "Vada, Riccardo"]
[Black "Autino, Massimiliano"]
[Result "0-1"]
[WhiteElo "1969"]
[BlackElo "1946"]
[PlyCount "30"]
[EventDate "2017.12.26"]

1. e4 b6 2. Nc3 Bb7 3. g3 e6 4. Bg2 Nf6 5. Nge2 d5 6. e5 Ne4 7. Nxe4 dxe4 8. d3
Nd7 9. Nc3 Bb4 10. Bd2 Nxe5 11. Nxe4 Bxd2+ 12. Qxd2 O-O 13. Qc3 Nc6 14. O-O-O
f5 15. Ng5 Qxg5+ 0-1

[Event "29.Festival - Magistrale"]
[Site "Robecchetto con Induno ITA"]
[Date "2017.12.27"]
[Round "3"]
[White "Bergero, Simone"]
[Black "Ranfagni, Stefano"]
[Result "0-1"]
[WhiteElo "1963"]
[BlackElo "1939"]
[PlyCount "182"]
[EventDate "2017.12.26"]

1. d4 e6 2. c4 f5 3. Nc3 Nf6 4. Nf3 c6 5. Bf4 d5 6. e3 Be7 7. Bd3 O-O 8. Qc2
Ne4 9. g4 Kh8 10. h4 Nd7 11. gxf5 exf5 12. Ng5 Ndf6 13. f3 Nxc3 14. bxc3 dxc4
15. Bxf5 Bxf5 16. Qxf5 Qd5 17. Qc2 Qg8 18. Be5 Nd7 19. f4 Nxe5 20. fxe5 Bxg5
21. hxg5 Rf3 22. O-O-O g6 23. Rh6 Raf8 24. Qe4 Qe6 25. Rd2 Qe7 26. Qh4 Qa3+ 27.
Kd1 Rf1+ 28. Ke2 Qe7 29. Rd1 R1f5 30. Rh1 R8f7 31. Rxg6 Qa3 32. Rf6 Qb2+ 33.
Kd1 Qb1+ 34. Kd2 Qxa2+ 35. Kc1 Qa3+ 36. Kc2 Qb3+ 37. Kd2 Qb2+ 38. Kd1 Qb1+ 39.
Kd2 Qd3+ 40. Kc1 Qxc3+ 41. Kb1 Qb3+ 42. Kc1 Qxe3+ 43. Kb1 Qb3+ 44. Kc1 Qa3+ 45.
Kd1 Qd3+ 46. Kc1 c3 47. Qh2 Qxd4 48. Rxf7 Rxf7 49. g6 Qe3+ 50. Kb1 Qd3+ 51. Qc2
Rf1+ 52. Rxf1 Qxf1+ 53. Ka2 Qc4+ 54. Kb1 hxg6 55. e6 Qxe6 56. Qxc3+ Kg8 57. Qd4
Kf7 58. Qxa7 Qe4+ 59. Kc1 Qb4 60. Qa2+ Kf6 61. Qf2+ Kg7 62. Qg3 Qe7 63. Qf4 g5
64. Qd4+ Qf6 65. Qd7+ Qf7 66. Qd4+ Kg6 67. Qe4+ Kh6 68. Kb2 Qf6+ 69. Kb3 b5 70.
Qe8 Qf3+ 71. Kc2 g4 72. Qh8+ Kg5 73. Qd8+ Kf4 74. Qd6+ Kf5 75. Qd7+ Ke5 76.
Qe7+ Kd5 77. Qd7+ Kc5 78. Qe7+ Kc4 79. Qe6+ Qd5 80. Qxg4+ Kc5 81. Qg1+ Qd4 82.
Qg5+ Kb4 83. Qg3 Qc4+ 84. Kb2 Qe2+ 85. Ka1 Qd1+ 86. Kb2 Qd2+ 87. Kb1 c5 88. Qg1
c4 89. Ka1 Qc3+ 90. Ka2 Qc2+ 91. Ka1 Kb3 0-1

[Event "29.Festival - Magistrale"]
[Site "Robecchetto con Induno ITA"]
[Date "2017.12.28"]
[Round "4"]
[White "Yao, Stefano"]
[Black "Aranovitch, Emiliano"]
[Result "1/2-1/2"]
[WhiteElo "2281"]
[BlackElo "2362"]
[PlyCount "97"]
[EventDate "2017.12.26"]

1. d4 Nf6 2. Nf3 g6 3. c4 Bg7 4. g3 O-O 5. Bg2 c5 6. O-O cxd4 7. Nxd4 Nc6 8.
Nc3 Nxd4 9. Qxd4 d6 10. Qd3 a6 11. Bd2 Bf5 12. e4 Bd7 13. h3 Rb8 14. Rfd1 b5
15. cxb5 Bxb5 16. Nxb5 axb5 17. Be3 Nd7 18. Qd2 b4 19. Rac1 Qa5 20. b3 Bc3 21.
Qc2 Rfc8 22. Bd4 Bxd4 23. Qxc8+ Rxc8 24. Rxc8+ Kg7 25. Rxd4 Qxa2 26. Rxb4 Nc5
27. Rxc5 dxc5 28. Rc4 Qa3 29. h4 f5 30. exf5 gxf5 31. Bd5 Qa1+ 32. Kg2 Qe5 33.
Bf3 Qd6 34. Rc3 e5 35. Re3 Kf6 36. Be2 Qd5+ 37. Bf3 Qd2 38. Re2 Qd4 39. Re3 e4
40. Be2 Ke5 41. Kh2 Qd2 42. Kg2 Qd4 43. Kh2 Qd6 44. Kg2 Kd4 45. Bd1 Qg6 46. Kh2
Qf6 47. h5 Qg5 48. Be2 h6 49. Bd1 1/2-1/2

[Event "29.Festival - Magistrale"]
[Site "Robecchetto con Induno ITA"]
[Date "2017.12.28"]
[Round "4"]
[White "Gromovs, Sergejs"]
[Black "Medici, Simone"]
[Result "1-0"]
[WhiteElo "2257"]
[BlackElo "2233"]
[PlyCount "133"]
[EventDate "2017.12.26"]

1. d4 d5 2. Nf3 Nf6 3. c4 c6 4. Nc3 g6 5. Bg5 Bg7 6. e3 O-O 7. Bd3 Nbd7 8. O-O
Re8 9. Rc1 a6 10. Bf4 Nb6 11. cxd5 Nfxd5 12. Bg3 Bg4 13. Qb3 Bxf3 14. gxf3 e5
15. dxe5 Bxe5 16. Ne4 a5 17. a4 Nb4 18. Rfd1 Qe7 19. Be2 N6d5 20. Nc5 Qc7 21.
Kg2 Rad8 22. Bc4 Bxg3 23. hxg3 Nb6 24. Ne4 Qe7 25. Rh1 Nxc4 26. Qxc4 Nd5 27.
Rh4 f5 28. Nc5 Qg7 29. e4 b6 30. exd5 cxd5 31. Qd4 bxc5 32. Rxc5 Qa7 33. g4
fxg4 34. Rxg4 Rf8 35. Qc3 Rf7 36. Rxa5 Qd7 37. Qd3 Rf5 38. b4 Rh5 39. Ra6 Qc7
40. Raxg6+ Kh8 41. Qd4+ Qe5 42. Re6 Qxd4 43. Rxd4 Rg5+ 44. Kf1 Rf5 45. Re3 Rc8
46. b5 Rc1+ 47. Ke2 Rc2+ 48. Rd2 Rc4 49. Rb2 Rf7 50. a5 Rc8 51. b6 d4 52. Rd3
Re8+ 53. Kf1 Rfe7 54. Rxd4 Re1+ 55. Kg2 Ra1 56. b7 Rb8 57. Rc4 Rg8+ 58. Kh2
Rxa5 59. Rg4 Rb8 60. Rc2 Rf5 61. Rc8+ Rf8 62. Rxf8+ Rxf8 63. Rc4 Kg7 64. Rc7+
Kg6 65. Rc8 Rxf3 66. b8=Q Rxf2+ 67. Kg3 1-0

[Event "29.Festival - Magistrale"]
[Site "Robecchetto con Induno ITA"]
[Date "2017.12.28"]
[Round "4"]
[White "Sbarra, Marco"]
[Black "Ronce, Nathan"]
[Result "1/2-1/2"]
[WhiteElo "2246"]
[BlackElo "2168"]
[PlyCount "88"]
[EventDate "2017.12.26"]

1. d4 Nf6 2. c4 g6 3. Nc3 Bg7 4. e4 d6 5. Nf3 O-O 6. h3 e5 7. d5 a5 8. Be2 Na6
9. Bg5 h6 10. Be3 Nc5 11. Nd2 Ne8 12. g4 f5 13. gxf5 gxf5 14. Qc2 c6 15. O-O-O
Na6 16. exf5 cxd5 17. Nxd5 Nb4 18. Nxb4 axb4 19. Bd3 e4 20. Bxe4 Rxa2 21. Rhg1
Kh8 22. Rg6 Rf6 23. Rxg7 Nxg7 24. Kb1 Ra5 25. Bd4 Nxf5 26. Bxf5 Bxf5 27. Ne4 b3
28. Qd3 Kg7 29. Bxf6+ Qxf6 30. Nxf6 Kxf6 31. Qxf5+ Rxf5 32. Rxd6+ Ke7 33. Rb6
Rf3 34. h4 Kd7 35. c5 Kc7 36. Kc1 Rxf2 37. Rxb3 Rf4 38. Rh3 h5 39. Kc2 Kc6 40.
Kc3 Kxc5 41. Kc2 b5 42. Rc3+ Kd5 43. Rd3+ Ke5 44. Rg3 Rxh4 1/2-1/2

[Event "29.Festival - Magistrale"]
[Site "Robecchetto con Induno ITA"]
[Date "2017.12.28"]
[Round "4"]
[White "Giretti Kanev, Jasen"]
[Black "Ventura, Salvatore"]
[Result "1-0"]
[WhiteElo "2147"]
[BlackElo "2195"]
[PlyCount "77"]
[EventDate "2017.12.26"]

1. c4 c5 2. Nf3 Nc6 3. Nc3 g6 4. e3 Nf6 5. d4 cxd4 6. Nxd4 Nxd4 7. exd4 d5 8.
Qb3 Bg7 9. cxd5 O-O 10. Be2 e6 11. Bf3 Nxd5 12. Nxd5 exd5 13. Be3 Qa5+ 14. Qc3
Qxc3+ 15. bxc3 Be6 16. Rb1 b6 17. Rb5 Rac8 18. Kd2 Rfd8 19. a4 Bd7 20. Rxd5
Bxa4 21. Ra1 b5 22. Bg5 f6 23. Bf4 Bf8 24. Bc7 Bh6+ 25. Kd3 Rxd5 26. Bxd5+ Kg7
27. Ba5 Re8 28. Bc6 Rc8 29. Bd7 Rb8 30. Re1 Bb3 31. Re7+ Kg8 32. Bc7 Bc4+ 33.
Ke4 Rf8 34. d5 f5+ 35. Kd4 Bg7+ 36. Be5 Bxe5+ 37. Kxe5 a5 38. Be6+ Kh8 39. d6
1-0

[Event "29.Festival - Magistrale"]
[Site "Robecchetto con Induno ITA"]
[Date "2017.12.28"]
[Round "4"]
[White "Brugo, Marco"]
[Black "Massironi, Marco"]
[Result "1/2-1/2"]
[WhiteElo "2055"]
[BlackElo "2202"]
[PlyCount "72"]
[EventDate "2017.12.26"]

1. d4 Nf6 2. c4 g6 3. f3 d5 4. cxd5 Nxd5 5. e4 Nb6 6. Nc3 Bg7 7. Be3 O-O 8. Qd2
e5 9. d5 c6 10. Rd1 cxd5 11. exd5 N8d7 12. Nh3 e4 13. fxe4 Ne5 14. Nf2 f5 15.
Bg5 Qe8 16. Bb5 Nec4 17. Bxe8 Nxd2 18. Bxd2 Rxe8 19. O-O Nc4 20. Bc1 fxe4 21.
Nfxe4 Bf5 22. Rde1 Bd4+ 23. Kh1 Kg7 24. Nb5 Be5 25. b3 a6 26. bxc4 axb5 27.
cxb5 Rxa2 28. Nd6 Bxd6 29. Rxe8 Bd7 30. Rd8 Bxb5 31. Rxd6 Bxf1 32. Rd7+ Kf6 33.
Rxb7 Bxg2+ 34. Kg1 Bxd5 35. Rxh7 Rg2+ 36. Kf1 Rc2 1/2-1/2

[Event "29.Festival - Magistrale"]
[Site "Robecchetto con Induno ITA"]
[Date "2017.12.28"]
[Round "4"]
[White "Jara, Erick"]
[Black "Colonetti, Fabio"]
[Result "1/2-1/2"]
[WhiteElo "2188"]
[BlackElo "1971"]
[PlyCount "101"]
[EventDate "2017.12.26"]

1. c4 e6 2. d4 d5 3. Nf3 c6 4. e3 Nf6 5. Bd3 Nbd7 6. O-O Bd6 7. Nc3 O-O 8. e4
dxe4 9. Nxe4 Nxe4 10. Bxe4 Nf6 11. Bc2 b6 12. Bg5 Be7 13. Qd3 g6 14. Rfe1 Bb7
15. Rad1 Nh5 16. Bh6 Re8 17. Qe3 Ng7 18. Qc3 Bf6 19. Bf4 Nf5 20. Be5 Nh4 21.
Be4 Qe7 22. g3 Nf5 23. Bxf6 Qxf6 24. Ne5 Ne7 25. c5 b5 26. Re3 Qg7 27. Bg2 Rad8
28. Red3 Nd5 29. Bxd5 Rxd5 30. Qa5 f6 31. Nf3 Red8 32. Re1 e5 33. Rde3 Re8 34.
Qxa7 Ra8 35. Qb6 Ra6 36. dxe5 Rxb6 37. exf6 Qxf6 38. cxb6 Rd7 39. h4 c5 40. Ng5
Qc6 41. Re8+ Kg7 42. f3 h6 43. Ne6+ Kf7 44. Nd8+ Rxd8 45. Rxd8 Qxb6 46. Rd7+
Kf6 47. Ree7 c4+ 48. Kg2 Bc6 49. Rf7+ Ke6 50. Rfe7+ Kf6 51. Rf7+ 1/2-1/2

[Event "29.Festival - Magistrale"]
[Site "Robecchetto con Induno ITA"]
[Date "2017.12.28"]
[Round "4"]
[White "Valtemara, Mattia Angelo"]
[Black "Da Silva, Quentin"]
[Result "1/2-1/2"]
[WhiteElo "1905"]
[BlackElo "2138"]
[PlyCount "119"]
[EventDate "2017.12.26"]

1. e4 c5 2. Nf3 d6 3. d4 cxd4 4. Nxd4 Nf6 5. Nc3 g6 6. Be3 Bg7 7. f3 Nc6 8. Qd2
O-O 9. g4 Nxd4 10. Bxd4 Be6 11. O-O-O Qa5 12. a3 Rab8 13. Kb1 Rfc8 14. h4 b5
15. Nd5 Qxd2 16. Nxf6+ Bxf6 17. Rxd2 Bxd4 18. Rxd4 a5 19. Bh3 Rc5 20. g5 Rbc8
21. c3 Kg7 22. Kc2 Rf8 23. Kd2 Bxh3 24. Rxh3 f6 25. Rg3 h6 26. gxf6+ Rxf6 27.
Ke3 Kf7 28. Rd2 Rc4 29. Rd5 Rc5 30. Rd2 Rh5 31. Rg4 Ke6 32. Rd1 Rc5 33. Rdg1
Kf7 34. Rd1 b4 35. axb4 axb4 36. cxb4 Rc2 37. Rb1 Rc4 38. b5 Rb4 39. b3 Rxb5
40. Rf4 Rxf4 41. Kxf4 Rb4 42. Ke3 Kf6 43. Ke2 d5 44. exd5 Rxh4 45. b4 Rd4 46.
b5 Rxd5 47. b6 Rd8 48. b7 Rb8 49. f4 h5 50. Rb5 Ke6 51. Kf3 Kd7 52. Rb6 Kc7 53.
Rxg6 Rxb7 54. Kg3 Kd7 55. Kh4 Rb4 56. Kg5 e6 57. f5 exf5 58. Kxh5 Ke7 59. Kg5
f4 60. Kg4 1/2-1/2

[Event "29.Festival - Magistrale"]
[Site "Robecchetto con Induno ITA"]
[Date "2017.12.28"]
[Round "4"]
[White "Bonassi, Tommaso"]
[Black "De Palma, Fabrizio"]
[Result "1-0"]
[WhiteElo "2100"]
[BlackElo "2051"]
[PlyCount "131"]
[EventDate "2017.12.26"]

1. e4 c5 2. Nf3 Nc6 3. Bb5 d6 4. O-O Bd7 5. Re1 Nf6 6. c3 a6 7. Bf1 Bg4 8. h3
Bxf3 9. Qxf3 g6 10. a4 Bh6 11. Na3 O-O 12. Nc2 Nd7 13. Qg3 e5 14. Ne3 Na5 15.
Ra3 Rc8 16. d3 Bf4 17. Qg4 h5 18. Qd1 b5 19. axb5 axb5 20. g3 Bh6 21. Be2 Ra8
22. g4 b4 23. Ra1 Bf4 24. gxh5 Kg7 25. hxg6 fxg6 26. Ng2 Qg5 27. h4 Qh6 28. Bg4
Nf6 29. Bxf4 exf4 30. e5 dxe5 31. Rxe5 Nc6 32. Rxa8 Nxe5 33. Rxf8 Kxf8 34. Bf3
bxc3 35. bxc3 g5 36. d4 cxd4 37. cxd4 Ng6 38. hxg5 Qxg5 39. Kf1 Ne7 40. Qb3
Nfd5 41. Qb8+ Kg7 42. Qb7 Kf6 43. Qd7 Qf5 44. Qd8 Qd3+ 45. Be2 Qb1+ 46. Ne1 Qh7
47. Qf8+ Qf7 48. Qxf7+ Kxf7 49. Bc4 Ke6 50. Ke2 Kf5 51. Bxd5 Nxd5 52. Kf3 Nc7
53. Nd3 Ne6 54. d5 Nd4+ 55. Kg2 Ke4 56. Nb4 Ke5 57. Kh3 Kd6 58. Kg4 f3 59. Kf4
Kc5 60. Ke4 Nb5 61. Nd3+ Kd6 62. Nf4 Nc3+ 63. Kxf3 Nxd5 64. Nxd5 Kxd5 65. Kf4
Ke6 66. Kg5 1-0

[Event "29.Festival - Magistrale"]
[Site "Robecchetto con Induno ITA"]
[Date "2017.12.28"]
[Round "4"]
[White "Asperti, Giovanni"]
[Black "Barlocco, Carlo"]
[Result "0-1"]
[WhiteElo "1926"]
[BlackElo "2090"]
[PlyCount "102"]
[EventDate "2017.12.26"]

1. e4 c5 2. Nf3 a6 3. c3 e6 4. d4 d5 5. exd5 exd5 6. Be2 Nf6 7. O-O Bd6 8. Bg5
c4 9. b3 cxb3 10. axb3 Nc6 11. c4 Be7 12. Nc3 Be6 13. Ne5 Rc8 14. Nxc6 Rxc6 15.
Bf3 dxc4 16. Bxc6+ bxc6 17. bxc4 Bxc4 18. Re1 O-O 19. Qf3 Qd7 20. Ra4 Bb5 21.
Nxb5 axb5 22. Ra6 Rc8 23. Rc1 Nd5 24. Bxe7 Nxe7 25. Qa3 g6 26. Ra7 Rc7 27. Rxc7
Qxc7 28. Re1 Nd5 29. Re8+ Kg7 30. Qf8+ Kf6 31. Qh8+ Kg5 32. Qxh7 Nf6 33. h4+
Kf5 34. Qh8 Nxe8 35. Qxe8 b4 36. f3 Kf6 37. Kf2 Qd6 38. Ke3 b3 39. Kd3 c5 40.
Qh8+ Ke7 41. Qe5+ Qxe5 42. dxe5 Ke6 43. f4 Kf5 44. g3 c4+ 45. Kc3 Ke4 46. Kd2
b2 47. Kc2 c3 48. Kb1 Kd3 49. f5 gxf5 50. h5 Kd2 51. h6 c2+ 0-1

[Event "29.Festival - Magistrale"]
[Site "Robecchetto con Induno ITA"]
[Date "2017.12.28"]
[Round "4"]
[White "Autino, Massimiliano"]
[Black "Tramalloni, Luca"]
[Result "1/2-1/2"]
[WhiteElo "1946"]
[BlackElo "2010"]
[PlyCount "122"]
[EventDate "2017.12.26"]

1. b3 Nf6 2. Bb2 e6 3. g3 d5 4. Bg2 Be7 5. Nf3 Nbd7 6. d4 Ne4 7. O-O O-O 8. Ba3
Bxa3 9. Nxa3 Qe7 10. Nb1 c6 11. Nfd2 Nxd2 12. Qxd2 e5 13. e3 e4 14. c4 Nf6 15.
Nc3 Bg4 16. cxd5 cxd5 17. Rfc1 Rac8 18. Rc2 Rc7 19. b4 Rfc8 20. a3 Qd7 21. Rac1
h6 22. Nb1 Rxc2 23. Rxc2 Rxc2 24. Qxc2 Nh7 25. Nd2 Ng5 26. h4 Nf3+ 27. Nxf3
Bxf3 28. Bxf3 exf3 29. Kh2 Qe6 30. Qc7 Qe4 31. Qf4 f5 32. h5 Kf7 33. Qb8 Qc2
34. Qxb7+ Kf8 35. Qa8+ Ke7 36. Qxa7+ Kf8 37. Qa8+ Ke7 38. Qa7+ Ke8 39. Qb8+ Kf7
40. Qb7+ Kf8 41. Kh3 Qxf2 42. Qc8+ Ke7 43. Qc7+ Ke8 44. Qe5+ Kd8 45. Qxd5+ Kc7
46. Qe5+ Kb6 47. Qb8+ Kc6 48. b5+ Kd7 49. Qb7+ Ke6 50. Qc6+ Ke7 51. Qc5+ Ke8
52. Qc8+ Ke7 53. Qc7+ Kf8 54. Qd6+ Ke8 55. Qe6+ Kd8 56. Qg8+ Kc7 57. Qxg7+ Kb8
58. Qe5+ Kb7 59. Qd5+ Kb8 60. Qd8+ Kb7 61. Qd7+ Kb8 1/2-1/2

[Event "29.Festival - Magistrale"]
[Site "Robecchetto con Induno ITA"]
[Date "2017.12.28"]
[Round "4"]
[White "Ranfagni, Stefano"]
[Black "Di Chiara, Mauro"]
[Result "1-0"]
[WhiteElo "1939"]
[BlackElo "1898"]
[PlyCount "67"]
[EventDate "2017.12.26"]

1. e4 g6 2. d4 Bg7 3. Nc3 d6 4. f4 Nf6 5. Nf3 O-O 6. Bd3 Nc6 7. O-O Bg4 8. Be3
e5 9. fxe5 dxe5 10. d5 Nd4 11. Be2 Bxf3 12. Bxf3 Ne8 13. Qd2 Nd6 14. b3 f5 15.
Rad1 Qe8 16. Kh1 Rd8 17. Rde1 c6 18. exf5 Nxf3 19. Rxf3 e4 20. Rff1 gxf5 21.
Bd4 Qg6 22. Ne2 Qf7 23. Nf4 cxd5 24. Bxg7 Kxg7 25. Qd4+ Kg8 26. Re3 h6 27. Rg3+
Kh7 28. Ne6 Rg8 29. Nxd8 Rxd8 30. Qe5 Rd7 31. Rf4 d4 32. Rh4 Qe8 33. Qf6 h5 34.
Rg5 1-0

[Event "29.Festival - Magistrale"]
[Site "Robecchetto con Induno ITA"]
[Date "2017.12.28"]
[Round "4"]
[White "Vada, Riccardo"]
[Black "Bergero, Simone"]
[Result "0-1"]
[WhiteElo "1969"]
[BlackElo "1963"]
[PlyCount "50"]
[EventDate "2017.12.26"]

1. e4 c5 2. Nc3 Nc6 3. g3 g6 4. Bg2 Bg7 5. Nge2 e6 6. O-O Nge7 7. d3 O-O 8. Be3
Nd4 9. f4 d5 10. exd5 exd5 11. Bf2 Bg4 12. h3 Bf3 13. Bxf3 Nxf3+ 14. Kg2 Nd4
15. Nxd4 Bxd4 16. Qf3 Bxf2 17. Rxf2 d4 18. Ne4 Qb6 19. Re1 Nd5 20. b3 f5 21.
Ng5 Ne3+ 22. Kh2 h6 23. Rxe3 dxe3 24. Qd5+ Kh8 25. Ne6 Rf6 0-1

[Event "29.Festival - Magistrale"]
[Site "Robecchetto con Induno ITA"]
[Date "2017.12.29"]
[Round "5"]
[White "Gromovs, Sergejs"]
[Black "Yao, Stefano"]
[Result "0-1"]
[WhiteElo "2257"]
[BlackElo "2281"]
[PlyCount "102"]
[EventDate "2017.12.26"]

1. d4 Nf6 2. Nf3 e6 3. c4 Bb4+ 4. Nbd2 O-O 5. a3 Be7 6. g3 b6 7. Bg2 Bb7 8. O-O
c5 9. e3 Nc6 10. b3 cxd4 11. exd4 d5 12. Bb2 dxc4 13. bxc4 Rc8 14. Re1 Na5 15.
Rc1 Re8 16. Qe2 Nd7 17. h4 Bf6 18. Qe3 h6 19. Bf1 Ba6 20. Ba1 Qc7 21. Bd3 Qc6
22. Kh2 Qa4 23. Bc2 Qc6 24. Be4 Qa4 25. Bc2 Qc6 26. Bd3 Qa4 27. Qe4 Nf8 28. Ne5
Bxe5 29. dxe5 Red8 30. Rc3 Rc7 31. Qe2 Bb7 32. Bc2 Qe8 33. Be4 Rcd7 34. Rc2 Nc6
35. Bg2 Ng6 36. Ne4 Nd4 37. Bxd4 Bxe4 38. Bxe4 Rxd4 39. Bxg6 fxg6 40. Rc3 Rd2
41. Qe3 Qf7 42. Re2 Rd1 43. c5 bxc5 44. Qxc5 g5 45. Qc7 Qf5 46. Qxa7 Rh1+ 47.
Kg2 Rdd1 48. f4 gxh4 49. Qa8+ Kh7 50. Qe4 Qxe4+ 51. Rxe4 h3+ 0-1

[Event "29.Festival - Magistrale"]
[Site "Robecchetto con Induno ITA"]
[Date "2017.12.29"]
[Round "5"]
[White "Aranovitch, Emiliano"]
[Black "Giretti Kanev, Jasen"]
[Result "1/2-1/2"]
[WhiteElo "2362"]
[BlackElo "2147"]
[PlyCount "80"]
[EventDate "2017.12.26"]

1. g3 d5 2. Bg2 Nf6 3. c4 c6 4. Nf3 g6 5. b3 Qb6 6. O-O Bg7 7. d4 O-O 8. cxd5
cxd5 9. Nc3 Nc6 10. Bb2 Bf5 11. Rc1 Rac8 12. Na4 Qa5 13. Nh4 Bg4 14. h3 b5 15.
Nc3 Bf5 16. g4 Be4 17. g5 Nh5 18. Nxe4 dxe4 19. Bxe4 Qxa2 20. Bc3 Nxd4 21. Bxd4
Rxc1 22. Qxc1 Bxd4 23. e3 Bb6 24. Qc3 Qa3 25. Rd1 Qc5 26. Qxc5 Bxc5 27. Rd7 Ng7
28. Rb7 b4 29. Bd5 Rd8 30. Bc4 Ne8 31. Bf1 Kf8 32. Rb5 Rc8 33. Nf3 Nd6 34. Ra5
Ne4 35. Ne5 Rc7 36. Bd3 Bb6 37. Rd5 Nd6 38. Nc4 Bc5 39. Nxd6 Bxd6 40. Be4 Rc3
1/2-1/2

[Event "29.Festival - Magistrale"]
[Site "Robecchetto con Induno ITA"]
[Date "2017.12.29"]
[Round "5"]
[White "Medici, Simone"]
[Black "Bonassi, Tommaso"]
[Result "1-0"]
[WhiteElo "2233"]
[BlackElo "2100"]
[PlyCount "77"]
[EventDate "2017.12.26"]

1. d4 Nf6 2. c4 e6 3. Nf3 d5 4. Nc3 c6 5. e3 Bd6 6. Bd3 dxc4 7. Bxc4 b5 8. Bd3
Bb7 9. e4 Bb4 10. O-O Nbd7 11. Qe2 a6 12. Rd1 Qc7 13. e5 Nd5 14. Ne4 h6 15. Bd2
Be7 16. Rac1 Qb6 17. Be3 a5 18. Nfd2 a4 19. Nc5 Qc7 20. f4 Nxc5 21. dxc5 Bc8
22. Ne4 Bd7 23. Nd6+ Bxd6 24. cxd6 Qb7 25. g3 Nxe3 26. Qxe3 Qa7 27. Rc5 O-O 28.
Rdc1 Qb6 29. Qe4 g6 30. h4 Kh7 31. h5 Rg8 32. Qb4 Kh8 33. hxg6 fxg6 34. Kg2 Kg7
35. Qe4 Kf7 36. Rxc6 Bxc6 37. Rxc6 Qa5 38. Rc7+ Kf8 39. Qb7 1-0

[Event "29.Festival - Magistrale"]
[Site "Robecchetto con Induno ITA"]
[Date "2017.12.29"]
[Round "5"]
[White "Ronce, Nathan"]
[Black "Barlocco, Carlo"]
[Result "1-0"]
[WhiteElo "2168"]
[BlackElo "2090"]
[PlyCount "59"]
[EventDate "2017.12.26"]

1. e4 c5 2. Nc3 Nc6 3. f4 g6 4. Nf3 Bg7 5. Bb5 d6 6. Bxc6+ bxc6 7. O-O Nf6 8.
d3 O-O 9. Qe1 Ne8 10. f5 e6 11. fxg6 fxg6 12. e5 Nc7 13. Bg5 Qd7 14. Ne4 dxe5
15. Nxc5 Qd5 16. Be7 e4 17. dxe4 Qc4 18. Bxf8 Bxf8 19. Nd3 Qxc2 20. Nfe5 Ba6
21. Rc1 Qa4 22. Qf2 Bg7 23. Qf7+ Kh8 24. Nxg6+ hxg6 25. Rf3 Qa5 26. Rh3+ Qh5
27. Rxh5+ gxh5 28. Nf4 e5 29. Rxc6 Ne8 30. Rh6+ 1-0